[Event "Mundial Juvenil 2005 s10"]
[Site "Belfort FRA"]
[Date "2005.07.22"]
[Round "4.16"]
[White "Ocampos, Ian Guido"]
[Black "Bellahcene, Bilel"]
[Result "1/2-1/2"]
[WhiteElo "1599"]
[BlackElo "1599"]
[PlyCount "39"]
[EventDate "2005.07.19"]
[EventType "swiss"]
[EventRounds "11"]
[EventCountry "FRA"]
[Source "lmi"]
[SourceDate "2005.07.31"]

1. e4 e5 2. Nf3 Nc6 3. Bc4 Bc5 4. b4 Bb6 5. c3 Nf6 6. d3 d6 7. Qb3 Qe7 8. Ng5
O-O 9. d4 a6 10. O-O h6 11. Nf3 Bg4 12. Nbd2 Nh5 13. h3 Be6 14. Bxe6 fxe6 15.
Ba3 Nf4 16. b5 Nd8 17. Nxe5 Qg5 18. Ng4 h5 19. Nf3 Qg6 20. Nh4 1/2-1/2

[Event "Mundial Juvenil 2005 s10"]
[Site "Belfort FRA"]
[Date "2005.07.22"]
[Round "4.17"]
[White "Scerbina, Yevgen"]
[Black "Cabanes, Kim"]
[Result "1-0"]
[WhiteElo "1599"]
[BlackElo "1599"]
[PlyCount "123"]
[EventDate "2005.07.19"]
[EventType "swiss"]
[EventRounds "11"]
[EventCountry "FRA"]
[Source "lmi"]
[SourceDate "2005.07.31"]

1. e4 c6 2. d4 d5 3. Nc3 dxe4 4. Nxe4 Bf5 5. Ng3 Bg6 6. h4 h6 7. Nf3 Nd7 8. h5
Bh7 9. Bd3 Bxd3 10. Qxd3 Qc7 11. Bd2 e6 12. O-O-O Ngf6 13. Kb1 O-O-O 14. Qe2
Bd6 15. Ne4 Nxe4 16. Qxe4 c5 17. Qe2 a6 18. Bc3 Rhg8 19. dxc5 Nxc5 20. Qc4 b5
21. Qe2 Na4 22. Be5 Bxe5 23. Qxe5 Rxd1+ 24. Rxd1 Rd8 25. Rxd8+ Qxd8 26. Qe2 Qb6
27. c3 Qc5 28. Nd4 e5 29. Nb3 Qd5 30. Qg4+ Kb7 31. Kc2 Qe6 32. Qe4+ Kc7 33. g4
g6 34. Na5 Nc5 35. Qa8 Qb6 36. Qd5 Nd7 37. b4 Qxf2+ 38. Kb3 Qf6 39. Qb7+ Kd6
40. Qxa6+ Ke7 41. Nc6+ Kd6 42. Qxb5 Qe6+ 43. c4 e4 44. Nd4 Qxg4 45. c5+ Ke7 46.
c6 Qd1+ 47. Nc2 Qd3+ 48. Qxd3 exd3 49. Ne3 Nb6 50. hxg6 fxg6 51. a4 Kd6 52. a5
Nc8 53. Kc4 d2 54. Kc3 h5 55. Kd4 h4 56. Nc4+ Kc7 57. Nxd2 h3 58. Nf3 Kd6 59.
Nh2 Na7 60. Kc4 Nc8 61. Ng4 g5 62. a6 1-0

[Event "Mundial Juvenil 2005 s10"]
[Site "Belfort FRA"]
[Date "2005.07.22"]
[Round "4.18"]
[White "Srbis, Jurica"]
[Black "Cao, Jiajie"]
[Result "1/2-1/2"]
[WhiteElo "1599"]
[BlackElo "1599"]
[PlyCount "82"]
[EventDate "2005.07.19"]
[EventType "swiss"]
[EventRounds "11"]
[EventCountry "FRA"]
[Source "lmi"]
[SourceDate "2005.07.31"]

1. e4 e5 2. Nf3 Nc6 3. Bb5 a6 4. Ba4 Nf6 5. O-O Be7 6. Re1 b5 7. Bb3 O-O 8. c3
d6 9. h3 Na5 10. Bc2 c5 11. d4 Qc7 12. Nbd2 Bd7 13. Nf1 cxd4 14. cxd4 Rfc8 15.
Re2 Nc6 16. Ne3 Nb4 17. Bb3 a5 18. a3 Na6 19. Ng5 Rf8 20. Rc2 Qa7 21. Nd5 Nxd5
22. Bxd5 Bxg5 23. Bxg5 Rac8 24. Rxc8 Rxc8 25. dxe5 dxe5 26. Be3 Qc7 27. Qb3 Be8
28. Rc1 Qd8 29. Rd1 Qe7 30. Bd2 a4 31. Qg3 Kh8 32. Rc1 Rxc1+ 33. Bxc1 f6 34.
Qc3 Qc5 35. Qe3 Qxe3 36. Bxe3 Nc7 37. Ba2 Bd7 38. Bc5 Be6 39. Bxe6 Nxe6 40. Be3
Kg8 41. Kf1 Kf7 1/2-1/2

[Event "Mundial Juvenil 2005 s10"]
[Site "Belfort FRA"]
[Date "2005.07.22"]
[Round "4.19"]
[White "Doros, Radu-Marian"]
[Black "Ostovic, Matija"]
[Result "1/2-1/2"]
[WhiteElo "1599"]
[BlackElo "1599"]
[PlyCount "79"]
[EventDate "2005.07.19"]
[EventType "swiss"]
[EventRounds "11"]
[EventCountry "FRA"]
[Source "lmi"]
[SourceDate "2005.07.31"]

1. e4 c5 2. Nf3 d6 3. Bb5+ Bd7 4. Bxd7+ Qxd7 5. O-O g6 6. c3 Nf6 7. Qe2 Bg7 8.
d4 cxd4 9. cxd4 O-O 10. Nc3 Re8 11. Bg5 Nc6 12. Rfd1 h6 13. Bh4 g5 14. Bg3 Nh5
15. e5 Nxg3 16. hxg3 dxe5 17. Nxe5 Nxe5 18. dxe5 Qf5 19. Re1 Rad8 20. e6 fxe6
21. Qxe6+ Qxe6 22. Rxe6 Rd3 23. Rae1 Rd2 24. R1e2 Bxc3 25. bxc3 Rxe2 26. Rxe2
Kf7 27. Rd2 Rc8 28. Rd3 Rc6 29. f4 gxf4 30. gxf4 Ke6 31. Kf2 Ra6 32. Rd2 Ra3
33. Rc2 Kf5 34. Kf3 h5 35. Kg3 b5 36. Kh4 Kxf4 37. Kxh5 Kg3 38. Re2 Rxc3 39.
Rxe7 Kxg2 40. Rxa7 1/2-1/2

[Event "Mundial Juvenil 2005 s10"]
[Site "Belfort FRA"]
[Date "2005.07.22"]
[Round "4.20"]
[White "Tesik, Csaba"]
[Black "Eidernert, Carl"]
[Result "1-0"]
[WhiteElo "1599"]
[BlackElo "1599"]
[PlyCount "41"]
[EventDate "2005.07.19"]
[EventType "swiss"]
[EventRounds "11"]
[EventCountry "FRA"]
[Source "lmi"]
[SourceDate "2005.07.31"]

1. e4 c5 2. Nf3 d6 3. d4 cxd4 4. Nxd4 Nf6 5. Nc3 g6 6. Be3 Bg7 7. f3 Nc6 8. Bc4
Bd7 9. Qd2 h5 10. O-O-O O-O 11. Kb1 a6 12. Nxc6 bxc6 13. Bh6 Rb8 14. Bb3 Qb6
15. Qg5 c5 16. Qxg6 Ne8 17. Nd5 Qd8 18. Qg5 a5 19. Nxe7+ Kh8 20. Bxg7+ Nxg7 21.
Qh6# 1-0

[Event "Mundial Juvenil 2005 s10"]
[Site "Belfort FRA"]
[Date "2005.07.23"]
[Round "5.2"]
[White "Alcaraz Ortega, Javier"]
[Black "Naroditsky, Daniel"]
[Result "1-0"]
[WhiteElo "1599"]
[BlackElo "1599"]
[PlyCount "53"]
[EventDate "2005.07.19"]
[EventType "swiss"]
[EventRounds "11"]
[EventCountry "FRA"]
[Source "lmi"]
[SourceDate "2005.07.31"]

1. d4 Nf6 2. Nc3 d5 3. Bg5 Bf5 4. Bxf6 exf6 5. e3 Bb4 6. Bd3 Bg6 7. Nge2 c6 8.
O-O Nd7 9. a3 Bd6 10. e4 Nb6 11. Re1 O-O 12. Ng3 Bxg3 13. hxg3 Re8 14. Qd2 dxe4
15. Bxe4 Nc4 16. Qf4 Nxb2 17. Bxg6 fxg6 18. Reb1 g5 19. Qg4 h5 20. Qf3 Nc4 21.
Rxb7 Qd6 22. d5 Qxd5 23. Rc1 Qd4 24. Rd1 Qe5 25. Rdd7 f5 26. Qxh5 Qxc3 27. Qg6
1-0

[Event "Mundial Juvenil 2005 s10"]
[Site "Belfort FRA"]
[Date "2005.07.23"]
[Round "5.3"]
[White "Eng, Andre Jerome"]
[Black "Bukavshin, Ivan"]
[Result "0-1"]
[WhiteElo "1599"]
[BlackElo "2029"]
[PlyCount "142"]
[EventDate "2005.07.19"]
[EventType "swiss"]
[EventRounds "11"]
[EventCountry "FRA"]
[Source "lmi"]
[SourceDate "2005.07.31"]

1. e4 c5 2. d4 cxd4 3. c3 d3 4. c4 Nc6 5. Nc3 d6 6. Bxd3 g6 7. Be3 Bg7 8. Nge2
Nf6 9. f3 O-O 10. Rc1 Nd7 11. b3 Nc5 12. Bb1 b6 13. O-O Bb7 14. Qd2 Rc8 15.
Rfd1 Qd7 16. Nb5 Rfd8 17. Ned4 Ne6 18. Nxc6 Bxc6 19. Nc3 Qb7 20. Nd5 Re8 21.
Qf2 Nc5 22. Rd2 a5 23. Rcd1 Rcd8 24. Bc2 Rb8 25. Bd4 Bxd4 26. Qxd4 Ne6 27. Qe3
b5 28. cxb5 Bxb5 29. f4 Nc7 30. f5 Nxd5 31. Rxd5 Rec8 32. Bb1 Qb6 33. Qxb6 Rxb6
34. Kf2 Rcc6 35. R1d2 Kg7 36. Bd3 Bxd3 37. R5xd3 Rb4 38. Kf3 gxf5 39. exf5 Rc1
40. h3 Rf1+ 41. Ke2 Rxf5 42. g4 Re5+ 43. Kf3 Re1 44. Rc2 Ra1 45. Re3 e6 46.
Ree2 a4 47. bxa4 Rxa4 48. Red2 d5 49. Rf2 Ra7 50. Kg3 f6 51. Rce2 e5 52. Kg2 h6
53. Rd2 Ra5 54. Kg3 Kg6 55. Kh4 d4 56. Kg3 Ra3+ 57. Kg2 Ra4 58. Kf3 f5 59.
gxf5+ Kxf5 60. Kg3+ Ke6 61. Rfe2 Kd5 62. Kf2 e4 63. Kg3 Ra3+ 64. Kh2 d3 65. Rg2
Ke5 66. Rb2 Ra4 67. h4 Rc4 68. h5 Rac1 69. Rb8 R4c2 70. Re8+ Kd4 71. Rd8+ Ke3
0-1

[Event "Mundial Juvenil 2005 s10"]
[Site "Belfort FRA"]
[Date "2005.07.23"]
[Round "5.4"]
[White "Bajarani, Ulvi"]
[Black "Gonzalez Meneses, Kevin Moises"]
[Result "1-0"]
[WhiteElo "1599"]
[BlackElo "1599"]
[PlyCount "123"]
[EventDate "2005.07.19"]
[EventType "swiss"]
[EventRounds "11"]
[EventCountry "FRA"]
[Source "lmi"]
[SourceDate "2005.07.31"]

1. e4 c5 2. d4 cxd4 3. c3 dxc3 4. Nxc3 d6 5. Nf3 e6 6. Bc4 Be7 7. O-O Nf6 8.
Qe2 O-O 9. Rd1 Nc6 10. Be3 a6 11. a4 Qa5 12. h3 Ne5 13. Nxe5 Qxe5 14. Qf3 Qh5
15. Qxh5 Nxh5 16. g4 Nf6 17. Bf4 e5 18. Bg5 Be6 19. Bxf6 gxf6 20. Bd5 Rab8 21.
Rd3 Rfc8 22. Kg2 Kf8 23. a5 Rc5 24. b4 Rc7 25. Na4 Bxd5 26. Rxd5 Rc6 27. Rad1
Ke8 28. Kf3 Rc4 29. Rb1 Rbc8 30. Nb6 Rc1 31. Rb2 R8c2 32. Rxc2 Rxc2 33. Rd3 d5
34. Nxd5 Rb2 35. Rc3 Bd8 36. h4 h6 37. Kg3 Rb1 38. h5 Kd7 39. Rc4 Rb3+ 40. Kg2
Rd3 41. Kf1 Rd1+ 42. Ke2 Rg1 43. Ne3 Be7 44. f3 Rb1 45. Nd5 Bd8 46. Rc3 Kd6 47.
Rd3 Ke6 48. Ne3 Rb2+ 49. Rd2 Rxd2+ 50. Kxd2 Kd6 51. Kd3 b6 52. axb6 Bxb6 53.
Nd5 Bf2 54. Nxf6 Bg3 55. g5 Bh4 56. Nh7 hxg5 57. Nf6 Ke7 58. Ng4 f6 59. h6 Kf7
60. h7 Kg7 61. Nxf6 Bg3 62. Nh5+ 1-0

[Event "Mundial Juvenil 2005 s10"]
[Site "Belfort FRA"]
[Date "2005.07.23"]
[Round "5.5"]
[White "Diloyan, Ara"]
[Black "Yeap, Eng Chiam"]
[Result "1/2-1/2"]
[WhiteElo "1599"]
[BlackElo "1599"]
[PlyCount "84"]
[EventDate "2005.07.19"]
[EventType "swiss"]
[EventRounds "11"]
[EventCountry "FRA"]
[Source "lmi"]
[SourceDate "2005.07.31"]

1. e4 c5 2. Nf3 Nc6 3. d4 cxd4 4. Nxd4 Nf6 5. Nc3 g6 6. Bc4 Bg7 7. Nxc6 bxc6 8.
e5 Ng8 9. Bf4 Qa5 10. Qf3 e6 11. O-O Bxe5 12. Ne4 f5 13. Nd6+ Bxd6 14. Bxd6 Kf7
15. g4 h5 16. b4 Qd8 17. gxf5 Qg5+ 18. Qg2 Qxg2+ 19. Kxg2 gxf5 20. h3 Nf6 21.
Kh2 Bb7 22. Rg1 Rag8 23. Be5 Rxg1 24. Rxg1 Rg8 25. Rxg8 Nxg8 26. Be2 Kg6 27.
Kg3 Ne7 28. Kh4 f4 29. Bxh5+ Kf5 30. Bd6 Ng8 31. f3 Nf6 32. Bg4+ Nxg4 33. hxg4+
Kg6 34. Bxf4 c5 35. bxc5 Bxf3 36. Bb8 a5 37. Bc7 a4 38. Bd6 a3 39. c6 dxc6 40.
Bxa3 Bd5 41. Bb2 Bxa2 42. Be5 Bc4 1/2-1/2

[Event "Mundial Juvenil 2005 s10"]
[Site "Belfort FRA"]
[Date "2005.07.23"]
[Round "5.6"]
[White "Cori, Jorge"]
[Black "Scerbina, Yevgen"]
[Result "1/2-1/2"]
[WhiteElo "2080"]
[BlackElo "1599"]
[PlyCount "139"]
[EventDate "2005.07.19"]
[EventType "swiss"]
[EventRounds "11"]
[EventCountry "FRA"]
[Source "lmi"]
[SourceDate "2005.07.31"]

1. e4 c5 2. Nf3 d6 3. d4 cxd4 4. Nxd4 Nf6 5. Nc3 a6 6. a4 e5 7. Nf3 h6 8. Be2
Be6 9. O-O Be7 10. Re1 O-O 11. h3 Nbd7 12. Bf1 Rc8 13. Be3 Qc7 14. Nd2 Nc5 15.
f4 exf4 16. Bxf4 Ncd7 17. Nf3 Ne5 18. Qd4 Nfd7 19. Qf2 Nxf3+ 20. gxf3 Ne5 21.
Bg3 Nc4 22. Nd5 Bxd5 23. exd5 Bf6 24. c3 Rfe8 25. Bd3 Ne5 26. Bf5 Rcd8 27. Re2
Nc4 28. Be4 Re7 29. Rae1 Rde8 30. b3 Na5 31. b4 Nc4 32. Bd3 Ne5 33. Bxe5 Bxe5
34. c4 Qd7 35. Qh4 Bf6 36. Rxe7 Rxe7 37. Rxe7 Qxe7 38. Qe4 Qxe4 39. fxe4 Bc3
40. c5 dxc5 41. bxc5 Bd4+ 42. Kg2 Bxc5 43. e5 Bd4 44. e6 fxe6 45. dxe6 Kf8 46.
Kf3 Ke7 47. Ke4 Bc3 48. Kf5 Bd2 49. Bc4 Bc3 50. h4 Be1 51. h5 Bc3 52. Bd5 b5
53. axb5 axb5 54. Bc6 b4 55. Bd5 Bf6 56. Bb3 Kd6 57. Kg6 Ke5 58. Kf7 Kf5 59. e7
Bxe7 60. Kxg7 Bg5 61. Kf7 Bf4 62. Bd1 Bg5 63. Bb3 Ke5 64. Kg6 Kd4 65. Bg8 Ke4
66. Bf7 Kd4 67. Kf5 Kc3 68. Ke4 b3 69. Bxb3 Kxb3 70. Kd3 1/2-1/2

[Event "Mundial Juvenil 2005 s10"]
[Site "Belfort FRA"]
[Date "2005.07.23"]
[Round "5.8"]
[White "Nikologorskiy, Konstantin"]
[Black "Karnati, Harsh"]
[Result "1-0"]
[WhiteElo "1599"]
[BlackElo "1889"]
[PlyCount "131"]
[EventDate "2005.07.19"]
[EventType "swiss"]
[EventRounds "11"]
[EventCountry "FRA"]
[Source "lmi"]
[SourceDate "2005.07.31"]

1. c4 e6 2. Nc3 b6 3. Nf3 Bb7 4. e4 Bb4 5. d3 d5 6. Bd2 c5 7. a3 Bxc3 8. Bxc3
d4 9. Bd2 f5 10. Ng5 Qe7 11. e5 Nd7 12. f4 Nh6 13. h3 Nf7 14. h4 h6 15. Nxf7
Qxf7 16. Be2 O-O-O 17. Bf3 Nf8 18. b4 Bxf3 19. Qxf3 Qb7 20. Qf2 g6 21. O-O Qf7
22. bxc5 bxc5 23. Rab1 Rd7 24. Rb5 Rc7 25. Rfb1 Nd7 26. Ba5 Nb6 27. Bxb6 axb6
28. Rxb6 Kd7 29. Rb7 Rhc8 30. Qf3 Rxb7 31. Rxb7+ Rc7 32. Rb6 Qe8 33. a4 Ke7 34.
Rb5 Qc8 35. a5 Ra7 36. Qd1 Qc7 37. Qa4 Rb7 38. a6 Ra7 39. Qa3 Kf7 40. Rxc5 Qb6
41. Rc8 Re7 42. Qa2 Ra7 43. Qa3 Re7 44. Qa1 Ra7 45. Qa3 Re7 46. Qa2 Ra7 47. c5
Rxa6 48. cxb6 Rxa2 49. Kh2 Rb2 50. Rc7+ Ke8 51. b7 Kd8 52. Rc8+ Kd7 53. b8=Q
Rxb8 54. Rxb8 Ke7 55. Rb4 Kd7 56. Rxd4+ Kc6 57. Rd6+ Kc7 58. Rxe6 Kd7 59. Rxg6
h5 60. d4 Kc7 61. d5 Kd7 62. Rf6 Ke7 63. d6+ Kd7 64. Rf7+ Ke8 65. e6 Kd8 66.
Rf8# 1-0

[Event "Mundial Juvenil 2005 s10"]
[Site "Belfort FRA"]
[Date "2005.07.23"]
[Round "5.9"]
[White "Fernandez, Daniel Howard"]
[Black "Tesik, Csaba"]
[Result "1-0"]
[WhiteElo "1871"]
[BlackElo "1599"]
[PlyCount "101"]
[EventDate "2005.07.19"]
[EventType "swiss"]
[EventRounds "11"]
[EventCountry "FRA"]
[Source "lmi"]
[SourceDate "2005.07.31"]

1. e4 e5 2. Nf3 Nc6 3. Bc4 Nf6 4. d4 exd4 5. e5 d5 6. Bb5 Ne4 7. Nxd4 Bd7 8.
Bxc6 bxc6 9. O-O Be7 10. f3 Nc5 11. f4 O-O 12. Nc3 f6 13. b4 Ne6 14. f5 Nxd4
15. Qxd4 fxe5 16. Qxe5 Bxb4 17. Bb2 Bd6 18. Qd4 Qe7 19. Na4 Rae8 20. Rae1 Qf7
21. g4 Rb8 22. Bc3 h6 23. Nc5 Rb5 24. Ne6 Bxe6 25. fxe6 Qxf1+ 26. Rxf1 Bc5 27.
Rxf8+ Kxf8 28. Qxc5+ Rxc5 29. Bb4 Ke7 30. Bxc5+ Kxe6 31. Bxa7 Kd6 32. Bd4 g6
33. Bg7 h5 34. gxh5 gxh5 35. Bf8+ Ke5 36. a4 Ke6 37. a5 Kd7 38. a6 Kc8 39. Bc5
Kb8 40. Kf2 Ka8 41. Kg3 Kb8 42. Kh4 Kc8 43. Kxh5 Kb8 44. Kg6 Ka8 45. h4 Kb8 46.
h5 Ka8 47. h6 Kb8 48. h7 Kc8 49. h8=Q+ Kd7 50. Kf7 d4 51. Qe8# 1-0

[Event "Mundial Juvenil 2005 s10"]
[Site "Belfort FRA"]
[Date "2005.07.23"]
[Round "5.10"]
[White "Khosla, Shiven"]
[Black "Vakhidov, Jakhongir"]
[Result "0-1"]
[WhiteElo "1832"]
[BlackElo "1599"]
[PlyCount "50"]
[EventDate "2005.07.19"]
[EventType "swiss"]
[EventRounds "11"]
[EventCountry "FRA"]
[Source "lmi"]
[SourceDate "2005.07.31"]

1. e4 c5 2. Nc3 Nc6 3. Bb5 a6 4. Bxc6 bxc6 5. d3 d5 6. Bf4 g6 7. Nge2 Bg7 8.
Qd2 e5 9. Bg3 Ne7 10. O-O O-O 11. Rad1 f5 12. f4 g5 13. fxg5 f4 14. Bf2 d4 15.
Na4 Ng6 16. h4 f3 17. gxf3 Bh3 18. Rfe1 Rxf3 19. Bg3 Qd7 20. Nb6 Qg4 21. Nxa8
Nxh4 22. Kh1 Rf2 23. Ng1 Bg2+ 24. Kh2 Qh3+ 25. Nxh3 Nf3# 0-1

[Event "Mundial Juvenil 2005 s10"]
[Site "Belfort FRA"]
[Date "2005.07.23"]
[Round "5.12"]
[White "Wang, Andew"]
[Black "Vasile, Claudiu Daniel"]
[Result "1/2-1/2"]
[WhiteElo "1599"]
[BlackElo "1694"]
[PlyCount "140"]
[EventDate "2005.07.19"]
[EventType "swiss"]
[EventRounds "11"]
[EventCountry "FRA"]
[Source "lmi"]
[SourceDate "2005.07.31"]

1. e4 e5 2. Nf3 Nf6 3. Nxe5 d6 4. Nf3 Nxe4 5. Nc3 Nxc3 6. dxc3 d5 7. c4 Qe7+ 8.
Be3 dxc4 9. c3 Be6 10. Qa4+ Qd7 11. Qc2 Nc6 12. Rd1 Qc8 13. Qe4 Be7 14. Bxc4
Bxc4 15. Qxc4 O-O 16. O-O Qf5 17. Nd4 Nxd4 18. Bxd4 Bd6 19. f4 a6 20. b4 Rae8
21. Rf3 Kh8 22. Rg3 f6 23. Be3 Re7 24. Rh3 Qe4 25. Rd4 Qf5 26. Qb3 Rfe8 27. Rd5
Qe6 28. f5 Qc8 29. Bf2 Re5 30. g4 Re4 31. Rh4 Qd7 32. c4 Qe7 33. c5 Bf4 34. Rd3
Bg5 35. Rhh3 Rxg4+ 36. Rdg3 Re4 37. Kg2 Bh4 38. Rf3 Rg4+ 39. Bg3 Bxg3 40. hxg3
Re4 41. Rf2 Re2 42. Qd3 Qe4+ 43. Qxe4 R8xe4 44. a3 Rxf2+ 45. Kxf2 Kg8 46. Rh1
Rd4 47. Re1 Kf7 48. Re6 g6 49. c6 b6 50. Ke3 gxf5 51. Rxf6+ Kxf6 52. Kxd4 Kg5
53. Ke5 Kg4 54. Ke6 Kxg3 55. Kd7 f4 56. Kxc7 f3 57. Kxb6 f2 58. c7 f1=Q 59.
c8=Q h5 60. Qxa6 Qxa6+ 61. Kxa6 h4 62. b5 h3 63. b6 h2 64. b7 h1=Q 65. b8=Q+
Kg4 66. Qg8+ Kf5 67. Qf7+ Ke5 68. Qe7+ Kd4 69. Qd6+ Kc3 70. Qb4+ Kd3 1/2-1/2

[Event "Mundial Juvenil 2005 s10"]
[Site "Belfort FRA"]
[Date "2005.07.23"]
[Round "5.13"]
[White "Beradze, Irakli"]
[Black "Valizadeh, Ali"]
[Result "1/2-1/2"]
[WhiteElo "1599"]
[BlackElo "1599"]
[PlyCount "124"]
[EventDate "2005.07.19"]
[EventType "swiss"]
[EventRounds "11"]
[EventCountry "FRA"]
[Source "lmi"]
[SourceDate "2005.07.31"]

1. e4 c5 2. Nf3 d6 3. c3 e6 4. d4 cxd4 5. cxd4 Nf6 6. Nc3 Be7 7. Bd3 O-O 8. O-O
a6 9. Bc2 Nc6 10. a3 Qc7 11. Bg5 b5 12. Qd3 g6 13. Rfe1 b4 14. Ne2 a5 15. Rac1
Ba6 16. Qd2 Rac8 17. d5 Na7 18. Bb3 Qd7 19. dxe6 fxe6 20. Nf4 d5 21. exd5 a4
22. d6 axb3 23. dxe7 Qxe7 24. Rxe6 Ne4 25. Qe1 Rxc1 26. Bxe7 Rxe1+ 27. Nxe1
Rxf4 28. Rxa6 Nb5 29. Bxb4 Nxf2 30. Ra8+ Kg7 31. Rb8 Nd4 32. Bc3 Nd1 33. Bxd4+
Rxd4 34. Rxb3 Rd2 35. Rb7+ Kh6 36. b4 Ra2 37. Rd7 Ne3 38. b5 Re2 39. a4 Rxe1+
40. Kf2 Nxg2 41. Kxg2 Rb1 42. Rd6 Kg5 43. Kf3 Kf5 44. Ke3 Ke5 45. Rc6 Rb4 46.
Ra6 Rb3+ 47. Kf2 Kd5 48. Ra7 Rb2+ 49. Kg3 h5 50. Ra8 Rb1 51. Kg2 Rb2+ 52. Kf3
Rxh2 53. Kg3 Ra2 54. Ra6 Kc5 55. Kf3 Rb2 56. Rxg6 h4 57. Rh6 Rb3+ 58. Kg2 Rb2+
59. Kh3 Rb3+ 60. Kxh4 Rb4+ 61. Kg5 Rxa4 62. b6 Rb4 1/2-1/2

[Event "Mundial Juvenil 2005 s10"]
[Site "Belfort FRA"]
[Date "2005.07.23"]
[Round "5.15"]
[White "Doros, Radu-Marian"]
[Black "Qu, Ziyuan"]
[Result "0-1"]
[WhiteElo "1599"]
[BlackElo "2242"]
[PlyCount "100"]
[EventDate "2005.07.19"]
[EventType "swiss"]
[EventRounds "11"]
[EventCountry "FRA"]
[Source "lmi"]
[SourceDate "2005.07.31"]

1. e4 c5 2. Nf3 d6 3. d4 cxd4 4. Qxd4 Nc6 5. Bb5 Bd7 6. Bxc6 bxc6 7. c4 c5 8.
Qd2 Bc6 9. Nc3 Nf6 10. Qe2 e6 11. O-O a6 12. b3 Be7 13. Bb2 O-O 14. Rad1 Qc7
15. Rfe1 Rad8 16. e5 Bxf3 17. exd6 Bxe2 18. dxc7 Rxd1 19. Nxd1 Bxd1 20. Rxd1
Rc8 21. Be5 Kf8 22. a3 Ne8 23. Rd7 f6 24. Bg3 e5 25. f4 Rxc7 26. Rxc7 Nxc7 27.
fxe5 fxe5 28. Bxe5 Ne6 29. Kf2 Kf7 30. Ke3 Bf6 31. Bg3 Bb2 32. a4 Bc3 33. Kd3
Bb4 34. Be5 Nd8 35. g4 Nc6 36. Ba1 Ba5 37. Ke4 Bc7 38. Kd5 Na5 39. Kxc5 Nxb3+
40. Kc6 Bxh2 41. Bc3 Bg1 42. Bb4 Ke6 43. a5 h6 44. Kb7 Nc5+ 45. Bxc5 Bxc5 46.
Kxa6 Kd6 47. Kb5 g6 48. Ka4 h5 49. gxh5 gxh5 50. Kb3 h4 0-1

[Event "Mundial Juvenil 2005 s10"]
[Site "Belfort FRA"]
[Date "2005.07.23"]
[Round "5.17"]
[White "Inigo, Aquino"]
[Black "Sanchez Ibern, Marc"]
[Result "0-1"]
[WhiteElo "1599"]
[BlackElo "1914"]
[PlyCount "142"]
[EventDate "2005.07.19"]
[EventType "swiss"]
[EventRounds "11"]
[EventCountry "FRA"]
[Source "lmi"]
[SourceDate "2005.07.31"]

1. d4 Nf6 2. c4 c5 3. e3 e6 4. Nf3 cxd4 5. Nxd4 d5 6. Nc3 Nc6 7. Nxc6 bxc6 8.
cxd5 cxd5 9. Bb5+ Bd7 10. Bxd7+ Nxd7 11. O-O Bc5 12. b3 O-O 13. Bb2 Qh4 14. Qe2
Bd6 15. h3 Be5 16. Na4 Bxb2 17. Nxb2 Rfc8 18. Rac1 Qb4 19. Nd3 Qb5 20. Qd2 Qb6
21. Rxc8+ Rxc8 22. Rc1 Rxc1+ 23. Qxc1 Qb7 24. Qc3 h6 25. Qa5 Nb6 26. Qc5 Qa6
27. Qc2 Qa3 28. Qb2 Qa5 29. a4 Qa6 30. Qc3 Qb7 31. Ne5 Nd7 32. Nd3 f6 33. b4
Nb6 34. Nc5 Qc6 35. b5 Qc8 36. Qb4 Nc4 37. a5 Nxa5 38. Nxe6 Qxe6 39. Qxa5 Qd7
40. Qa6 Kf7 41. Kf1 Qc7 42. Kg1 Ke7 43. Qa3+ Kf7 44. Qa6 Qb6 45. Qa4 Qc5 46.
Kh2 Qe7 47. g3 Qc5 48. Kg2 Qb6 49. Qb4 a6 50. Qg4 Qxb5 51. Qh5+ Kf8 52. Qf5 Qb7
53. Qe6 d4+ 54. Kh2 dxe3 55. Qxe3 Qe7 56. Qd3 a5 57. Qa6 Qc5 58. Qa8+ Kf7 59.
Qb7+ Kg8 60. Qb8+ Kf7 61. Qb7+ Kg6 62. Qe4+ Qf5 63. Qd4 a4 64. Kg2 a3 65. Qa4
Qd5+ 66. Kh2 a2 67. Qc2+ f5 68. Qa4 Qd2 69. Kg2 Qb2 70. Qc6+ Qf6 71. Qe8+ Kh7
0-1

[Event "Mundial Juvenil 2005 s10"]
[Site "Belfort FRA"]
[Date "2005.07.23"]
[Round "5.18"]
[White "Ostovic, Matija"]
[Black "Dragun, Kamil"]
[Result "0-1"]
[WhiteElo "1599"]
[BlackElo "1844"]
[PlyCount "80"]
[EventDate "2005.07.19"]
[EventType "swiss"]
[EventRounds "11"]
[EventCountry "FRA"]
[Source "lmi"]
[SourceDate "2005.07.31"]

1. e4 c5 2. Nf3 e6 3. d4 cxd4 4. Nxd4 Nf6 5. Nc3 d6 6. Be3 Be7 7. f3 O-O 8. Qd2
Nc6 9. O-O-O a6 10. g4 Bd7 11. g5 Ne8 12. f4 b5 13. h4 Qc7 14. Bh3 Na5 15. f5
Nc4 16. Qe2 b4 17. Nb1 Nxe3 18. Qxe3 e5 19. Nf3 Rc8 20. Rd2 f6 21. Qb3+ Qc4 22.
Bf1 Qxb3 23. axb3 a5 24. Bc4+ Kh8 25. Re2 Nc7 26. Rd1 Bc6 27. gxf6 gxf6 28. Nh2
Bb5 29. Nd2 Rfd8 30. Bxb5 Nxb5 31. Nc4 Nd4 32. Rf2 a4 33. Nf3 axb3 34. Nxd4
Rxc4 35. Nxb3 Rxe4 36. Na5 Ra8 37. Nc6 Ra6 38. Rg2 Rxc6 39. Rdg1 Rc8 40. Kd2
Rxh4 0-1

[Event "Mundial Juvenil 2005 s10"]
[Site "Belfort FRA"]
[Date "2005.07.23"]
[Round "5.19"]
[White "Rishi, Thariani"]
[Black "Martinez, Martin"]
[Result "1/2-1/2"]
[WhiteElo "1785"]
[BlackElo "1599"]
[PlyCount "52"]
[EventDate "2005.07.19"]
[EventType "swiss"]
[EventRounds "11"]
[EventCountry "FRA"]
[Source "lmi"]
[SourceDate "2005.07.31"]

1. e4 c5 2. Nf3 d6 3. d4 cxd4 4. Nxd4 Nf6 5. Nc3 a6 6. Bc4 e6 7. Bb3 Be7 8. f4
b5 9. a3 O-O 10. Qf3 e5 11. Nf5 Bxf5 12. exf5 Nbd7 13. Be3 exf4 14. Bxf4 Ne5
15. Qe2 Qd7 16. Bxe5 dxe5 17. O-O Bc5+ 18. Kh1 Qd4 19. Rad1 Qh4 20. Rf3 Ng4 21.
g3 Qh3 22. Ne4 Rad8 23. Rxd8 Rxd8 24. c3 Nxh2 25. Qxh2 Qg4 26. Qe2 Qh3+ 1/2-1/2

[Event "Mundial Juvenil 2005 s10"]
[Site "Belfort FRA"]
[Date "2005.07.23"]
[Round "5.20"]
[White "Whitfield, Craig"]
[Black "Balacek, Tadeas"]
[Result "1-0"]
[WhiteElo "1599"]
[BlackElo "1599"]
[PlyCount "73"]
[EventDate "2005.07.19"]
[EventType "swiss"]
[EventRounds "11"]
[EventCountry "FRA"]
[Source "lmi"]
[SourceDate "2005.07.31"]

1. e4 e5 2. Nf3 Nc6 3. Bb5 a6 4. Ba4 d6 5. O-O Nf6 6. Re1 Bd7 7. c3 Be7 8. d4
exd4 9. cxd4 O-O 10. Nc3 Re8 11. h3 b5 12. Bb3 h6 13. Bf4 Na5 14. Bc2 Nc4 15.
Rb1 Bc6 16. Qd3 g6 17. Bxh6 Nh7 18. Kh1 Bf8 19. Bxf8 Kxf8 20. Bb3 Na5 21. d5
Bd7 22. Qd4 Kg8 23. e5 Nxb3 24. axb3 Ng5 25. Nxg5 Qxg5 26. Ne4 dxe5 27. Qc5 Qd8
28. Rbc1 Rc8 29. Re3 c6 30. Nd6 Qe7 31. Nxe8 Qxe8 32. d6 f6 33. Ra1 Qf7 34. f4
Re8 35. fxe5 fxe5 36. Rxe5 Rxe5 37. Qxe5 1-0

[Event "Mundial Juvenil 2005 s10"]
[Site "Belfort FRA"]
[Date "2005.07.24"]
[Round "6.2"]
[White "Bukavshin, Ivan"]
[Black "Bajarani, Ulvi"]
[Result "0-1"]
[WhiteElo "2029"]
[BlackElo "1599"]
[PlyCount "117"]
[EventDate "2005.07.19"]
[EventType "swiss"]
[EventRounds "11"]
[EventCountry "FRA"]
[Source "lmi"]
[SourceDate "2005.07.31"]

1. e4 b6 2. d4 Bb7 3. Bd3 e6 4. Nf3 g6 5. O-O Bg7 6. c3 d6 7. h3 Ne7 8. Bf4 Nd7
9. Nbd2 O-O 10. Qe2 h6 11. Bh2 e5 12. dxe5 dxe5 13. Nc4 Nc6 14. b4 f6 15. Ne3
Ne7 16. Nh4 Qe8 17. Rad1 Rd8 18. Bc2 Nb8 19. Qc4+ Kh7 20. Qxc7 Ba6 21. Rfe1
Nec6 22. Bb3 Bd3 23. f3 Rd7 24. Qxd7 Qxd7 25. Bc2 Qe7 26. Bxd3 f5 27. Bg3 f4
28. Nd5 Qg5 29. Bf2 Ne7 30. Kh2 Nbc6 31. a3 Ng8 32. g4 fxg3+ 33. Bxg3 Rf4 34.
Nxf4 exf4 35. Bf2 Ne5 36. Rg1 Qh5 37. Be2 Bf6 38. Rg4 Nxg4+ 39. hxg4 Qe5 40.
Bd4 Qe6 41. Ng2 g5 42. e5 Bg7 43. Bd3+ Kh8 44. Bf5 Qb3 45. Re1 Qxa3 46. Kg1 Qa4
47. Re2 a5 48. Bxb6 axb4 49. cxb4 Qb5 50. Kf1 Qxb6 51. e6 Ne7 52. Re4 Bf6 53.
Ne1 Qb5+ 54. Kf2 Nxf5 55. gxf5 Be7 56. f6 Bxf6 57. e7 Qe8 58. Nd3 Bxe7 59. Ke1
0-1